Blake's selected poems (Record no. 247758)

MARC details
000 -LEADER
fixed length control field 00623nam a2200217Ia 4500
008 - FIXED-LENGTH DATA ELEMENTS--GENERAL INFORMATION
fixed length control field 191130s1995##################000#0#eng##
020 ## - INTERNATIONAL STANDARD BOOK NUMBER
ISBN 9780486285177
082 ## - DEWEY DECIMAL CLASSIFICATION NUMBER
Classification number 821.7 BLA
100 ## - MAIN ENTRY--AUTHOR NAME
Personal name Blake, William
245 ## - TITLE STATEMENT
Title Blake's selected poems
Statement of responsibility, etc William Blake ; selected by David and Virginia Erdman
260 ## - PUBLICATION, DISTRIBUTION, ETC. (IMPRINT)
Place of publication Mineola, NY
Name of publisher Dover Publications
Year of publication 1995
300 ## - PHYSICAL DESCRIPTION
Number of Pages viii, 83 p. ; 21 cm.
500 ## - GENERAL NOTE
General note Includes index
700 ## - ADDED ENTRY--PERSONAL NAME
Personal name Erdman, David V
Personal name Erdman, Virginia
991 ## -
-- 310800
Holdings
Withdrawn status Lost status Damaged status Not for loan Home library Current library Date acquired Full call number Accession Number Price effective from Koha item type
        Anna Centenary Library Anna Centenary Library 13.10.2020 821.7 BLA 385101 13.10.2020 English Books

Find us on the map